[Event "Tourn. n8735"]
[Site "www.chess-mail.com"]
[Date "2016.06.04"]
[Round "1"]
[White "Andregor"]
[Black "Nimzo"]
[WhiteElo "2630"]
[BlackElo "2870"]
[Result "1-0"]
[Round "1"]
1.e4 e6
2.d4 d5
3.Nb1d2 c5
4.Ng1f3 Ng8f6
5.exd5 exd5
6.Bf1e2 Bf8d6
7.c4 O-O
8.cxd5 Nf6xd5
9.Nd2e4 cxd4
10.Ne4xd6 Qd8xd6
11.O-O Rf8d8
12.Nf3xd4 Qd6f6
13.Rf1e1 Nb8c6
14.Nd4xc6 bxc6
15.Be2f3 Bc8f5
16.Qd1a4 h6
17.Bc1f4 Qf6xb2
18.Bf4e5 Qb2b5
{ time. }
1-0

[Event "Tourn. n8784"]
[Site "www.chess-mail.com"]
[Date "2016.06.04"]
[Round "1"]
[White "Attatroll"]
[Black "Jhzes"]
[WhiteElo "2000"]
[BlackElo "1809"]
[Result "1-0"]
[Round "1"]
1.e4 e6
2.d4 d5
3.Nb1c3 Bf8b4
4.exd5 Qd8xd5
5.Ng1f3 b6
6.Bc1d2 Bb4xc3
7.Bd2xc3 Ng8e7
8.Bf1e2 Nb8c6
9.O-O O-O
10.Be2d3 Bc8b7
11.Rf1e1 Ne7f5
12.Bd3xf5 Qd5xf5
13.Nf3e5 Nc6xe5
14.Re1xe5 Qf5g6
15.f3 Ra8d8
16.Qd1e2 Rf8e8
17.Ra1e1 Rd8d5
18.Re5xd5 Bb7xd5
19.b3 c5
20.dxc5 bxc5
21.Kh1 f5
22.Qe2b5 Re8c8
23.Qb5d7 Rc8a8
24.Bc3a5 f4
25.c4 Bd5xc4
26.bxc4 Ra8e8
27.Qd7xa7 Qg6c2
28.Qa7xc5 Qc2xa2
29.Qc5c6 Re8f8
30.Qc6xe6 Rf8f7
31.Qe6d5 Qa2f2
32.Re1e8 
1-0

[Event "Tourn. n8762"]
[Site "www.chess-mail.com"]
[Date "2016.06.04"]
[Round "1"]
[White "Coventry"]
[Black "Hundegana"]
[WhiteElo "2000"]
[BlackElo "2000"]
[Result "0-1"]
[Round "1"]
1.d4 f5
2.e4 fxe4
3.Nb1c3 Ng8f6
4.Bc1g5 d5
5.Bg5xf6 exf6
6.Qd1h5 g6
7.Qh5xd5 Qd8xd5
8.Nc3xd5 Bf8d6
9.Nd5xf6 Kf7
10.Nf6xe4 Rh8e8
11.f3 Bc8f5
12.Bf1d3 Bf5xe4
13.fxe4 Nb8c6
14.Ng1e2 Kg7
15.c3 Re8f8
16.e5 { time. }
0-1

[Event "Tourn. n8799"]
[Site "www.chess-mail.com"]
[Date "2016.06.04"]
[Round "1"]
[White "Esperanza"]
[Black "Biggles"]
[WhiteElo "1819"]
[BlackElo "1990"]
[Result "0-1"]
[Round "1"]
1.e4 e5
2.Ng1f3 Nb8c6
3.Bf1b5 Nc6d4
4.Nf3xd4 exd4
5.O-O c6
6.Bb5a4 d6
7.d3 Ng8f6
8.Bc1g5 Bf8e7
9.Nb1d2 Bc8d7
10.f4 O-O
11.Nd2f3 b5
12.Ba4b3 c5
13.h3 h6
14.Bg5h4 Bd7c6
15.c3 dxc3
16.bxc3 c4
17.dxc4 Bc6xe4
18.cxb5 d5
19.Nf3d4 Qd8b6
20.Kh1 Be7c5
21.Bh4xf6 Qb6xf6
22.a4 Qf6h4
23.Qd1g4 Qh4f6
24.Ra1d1 Ra8c8
25.Kh2 Bc5xd4
26.cxd4 Rc8c3
27.Bb3a2 Rc3c2
28.Ba2b1 Rc2xg2
29.Qg4xg2 Be4xg2
30.Kxg2 Rf8e8
{ resign }
0-1

[Event "Tourn. n8726"]
[Site "www.chess-mail.com"]
[Date "2016.06.04"]
[Round "1"]
[White "Hundegana"]
[Black "Coventry"]
[WhiteElo "1880"]
[BlackElo "1950"]
[Result "1-0"]
[Round "1"]
1.e4 g6
2.f4 Bf8g7
3.g3 d5
4.e5 h5
5.Bf1g2 c6
6.Ng1f3 Bc8g4
7.O-O e6
8.d3 Ng8e7
9.h3 Bg4xf3
10.Bg2xf3 Nb8d7
11.d4 c5
12.c3 cxd4
13.cxd4 Qd8b6
14.Nb1c3 Ne7f5
15.Nc3e2 O-O
16.Kh2 Ra8c8
17.g4 hxg4
18.Bf3xg4 Qb6c6
19.Bg4xf5 exf5
20.Bc1e3 Qc6c2
21.b3 Qc2xd1
22.Rf1xd1 Rc8c2
23.Rd1e1 Rf8c8
24.Kg2 a6
25.Kf3 b5
26.Re1c1 Rc2xc1
27.Ra1xc1 Rc8xc1
28.Ne2xc1 Kf8
29.Nc1d3 Ke8
{ time. }
1-0

[Event "Tourn. n8762"]
[Site "www.chess-mail.com"]
[Date "2016.06.04"]
[Round "1"]
[White "Romaamor69"]
[Black "Coventry"]
[WhiteElo "2069"]
[BlackElo "2000"]
[Result "1-0"]
[Round "1"]
1.c4 g6
2.g3 Bf8g7
3.Bf1g2 e5
4.Nb1c3 Nb8c6
5.d3 Ng8e7
6.e4 d6
7.Ng1e2 O-O
8.O-O a6
9.Bc1e3 f5
10.Nc3d5 Ne7xd5
11.exd5 Nc6e7
12.f4 b6
13.fxe5 Bg7xe5
14.d4 Be5g7
15.Qd1d2 Bc8d7
{ time. }
1-0

[Event "Tourn. n8775"]
[Site "www.chess-mail.com"]
[Date "2016.06.04"]
[Round "1"]
[White "Daquata"]
[Black "Cal"]
[WhiteElo "1690"]
[BlackElo "1530"]
[Result "1-0"]
[Round "1"]
1.e4 e5
2.Ng1f3 d6
3.d4 exd4
4.Nf3xd4 a6
5.Nb1c3 h6
6.Bf1e2 c5
7.Nd4f3 Ng8f6
8.Bc1f4 Bc8g4
9.h3 Bg4h5
10.O-O Bf8e7
11.Qd1d2 Nb8c6
12.Ra1d1 O-O
13.Bf4xd6 Be7xd6
14.Qd2xd6 Qd8b6
15.Rd1b1 Ra8d8
16.Qd6g3 Bh5xf3
17.Be2xf3 Rd8d2
18.Nc3d5 Nf6xd5
19.exd5 Nc6d4
20.c3 c4
21.cxd4 Qb6xd4
22.Rf1d1 Rd2xd1
23.Rb1xd1 Qd4xb2
24.d6 Qb2xa2
25.d7 c3
26.d8Q Rf8xd8
27.Rd1xd8 Kh7
28.Bf3e4 g6
29.Be4xg6 fxg6
30.Qg3c7 { resign }
1-0

[Event "Tourn. n8730"]
[Site "www.chess-mail.com"]
[Date "2016.06.04"]
[Round "1"]
[White "Coventry"]
[Black "Libiesse"]
[WhiteElo "1950"]
[BlackElo "1960"]
[Result "0-1"]
[Round "1"]
1.Ng1f3 d5
2.g3 c6
3.d4 Ng8f6
4.Bf1g2 e6
5.O-O Bf8e7
6.b3 O-O
7.Nb1d2 Nb8d7
8.Bc1b2 c5
9.c4 cxd4
10.Nf3xd4 Nd7b6
11.cxd5 Nb6xd5
12.Nd2c4 Rf8e8
13.Nd4b5 Qd8d7
14.a4 a6
15.Nb5c3 Re8d8
16.Nc3xd5 Nf6xd5
17.e4 Nd5f6
18.Qd1xd7 { time. }
0-1

[Event "Tourn. n8706"]
[Site "www.chess-mail.com"]
[Date "2016.06.04"]
[Round "1"]
[White "Azulmarino"]
[Black "Daquata"]
[WhiteElo "1480"]
[BlackElo "1680"]
[Result "0-1"]
[Round "1"]
1.e4 e5
2.Ng1f3 Nb8c6
3.Bf1b5 a6
4.Bb5c4 Bf8c5
5.d3 Ng8f6
6.Bc1g5 O-O
7.a3 d6
8.Bc4d5 h6
9.Bg5e3 Bc5xe3
10.fxe3 Bc8e6
11.O-O Nf6xd5
12.exd5 Be6xd5
13.e4 Bd5e6
14.Nb1c3 f5
15.Qd1e1 Qd8d7
16.Ra1d1 Ra8d8
17.Nf3h4 f4
18.Nh4g6 Rf8f6
19.Ng6h4 Nc6d4
20.h3 Nd4xc2
21.Qe1e2 Nc2e3
22.Rd1e1 Ne3xf1
23.Kxf1 c6
24.Qe2h5 Qd7f7
25.Qh5f3 d5
26.Nc3a4 dxe4
27.Qf3xe4 Qf7h5
28.Nh4f3 Be6d5
29.Qe4e2 Bd5xf3
30.gxf3 Qh5xh3
31.Qe2g2 Qh3xg2
32.Kxg2 Rd8xd3
33.Re1xe5 Rf6g6
34.Kf2 Rg6d6
35.Na4c5 Rd3d2
36.Re5e2 h5
37.Nc5e4 Rd2xe2
38.Kxe2 Rd6d5
39.Ne4f2 g5
40.Nf2e4 h4
41.Ne4f2 a5
42.Nf2g4 Rd5b5
43.Ng4f6 Kf7
44.Nf6e4 Rb5xb2
45.Kd1 Kg6
46.Kc1 Rb2b3
47.Ne4c5 Rb3xf3
48.Nc5xb7 h3
49.Nb7xa5 Rf3xa3
50.Na5xc6 Ra3c3
51.Kd2 Rc3xc6
{ resign }
0-1

[Event "Tourn. n8761"]
[Site "www.chess-mail.com"]
[Date "2016.06.04"]
[Round "1"]
[White "Bojan"]
[Black "Coventry"]
[WhiteElo "1850"]
[BlackElo "2000"]
[Result "1-0"]
[Round "1"]
1.e4 e5
2.Ng1f3 d6
3.d4 exd4
4.Nf3xd4 Ng8f6
5.Nb1c3 Bf8e7
6.Bf1d3 O-O
7.h3 a6
8.Nc3d5 Nf6xd5
9.exd5 Be7f6
10.Bc1e3 Rf8e8
11.O-O Nb8d7
12.c3 Nd7e5
13.Bd3e4 Ne5g6
14.Qd1d3 Bc8d7
15.f3 Bf6g5
16.f4 Bg5f6
17.f5 Ng6e5
{ time. }
1-0

[Event "Tourn. n8685"]
[Site "www.chess-mail.com"]
[Date "2016.06.04"]
[Round "1"]
[White "Louis"]
[Black "Coventry"]
[WhiteElo "1880"]
[BlackElo "1860"]
[Result "1-0"]
[Round "1"]
1.c4 e5
2.g3 f5
3.d4 e4
4.Nb1c3 Ng8f6
5.Bf1g2 Bf8b4
6.Bc1d2 O-O
7.Nc3xe4 Bb4xd2
8.Ne4xd2 d5
9.Qd1b3 c6
10.Ng1f3 Kh8
11.cxd5 cxd5
12.e3 Nb8c6
13.O-O Nf6e4
14.Rf1d1 Qd8d6
15.Nf3e5 Nc6xe5
16.dxe5 Qd6xe5
17.Nd2f3 Qe5e7
18.Qb3xd5 Bc8e6
19.Qd5e5 Qe7f6
20.Qe5xf6 Ne4xf6
21.Nf3d4 Be6c8
22.Ra1c1 g6
23.Rc1c7 Ra8b8
24.b4 Nf6e4
25.h4 a6
26.Nd4e2 b6
27.Bg2xe4 fxe4
28.Rd1d6 Bc8g4
29.Ne2d4 Bg4f5
{ time. }
1-0

[Event "Tourn. n8752"]
[Site "www.chess-mail.com"]
[Date "2016.06.04"]
[Round "1"]
[White "Libiesse"]
[Black "Falcoale"]
[WhiteElo "1900"]
[BlackElo "1700"]
[Result "1-0"]
[Round "1"]
1.d4 Ng8f6
2.c4 e6
3.Ng1f3 Bf8b4
4.Bc1d2 Bb4e7
5.Nb1c3 b6
6.Bd2g5 h6
7.Bg5h4 O-O
8.e4 Bc8b7
9.Qd1c2 Nb8c6
10.Bf1e2 Nf6h5
11.Bh4g3 Nh5xg3
12.hxg3 Be7b4
13.O-O-O  { time }
1-0

[Event "Tourn. n8784"]
[Site "www.chess-mail.com"]
[Date "2016.06.04"]
[Round "1"]
[White "Coventry"]
[Black "Amaya"]
[WhiteElo "2000"]
[BlackElo "2040"]
[Result "0-1"]
[Round "1"]
1.c4 Ng8f6
2.Nb1c3 c5
3.Ng1f3 Nb8c6
4.d4 cxd4
5.Nf3xd4 g6
6.e4 d6
7.Bf1e2 Bf8g7
8.Bc1e3 O-O
9.O-O Bc8d7
10.Nd4xc6 { time. }
0-1

[Event "Tourn. n8702"]
[Site "www.chess-mail.com"]
[Date "2016.06.04"]
[Round "1"]
[White "Awfen"]
[Black "Piekki"]
[WhiteElo "2060"]
[BlackElo "2090"]
[Result "0-1"]
[Round "1"]
1.e4 c5
2.Ng1f3 Nb8c6
3.Bf1c4 d6
4.O-O Ng8f6
5.Nf3g5 e6
6.Nb1c3 Bf8e7
7.Ng5f3 a6
8.a3 b5
9.Bc4e2 Bc8b7
10.d3 O-O
11.Nf3g5 d5
12.exd5 Nf6xd5
13.Ng5h3 e5
14.Nc3e4 Nc6d4
15.c3 Nd4e6
16.Be2f3 f5
17.Ne4g3 Qd8c7
18.Ng3e2 Ra8d8
19.d4 e4
20.Bf3h5 g6
21.Bc1h6 Rf8f7
22.Ne2f4 Nd5xf4
23.Nh3xf4 Ne6xf4
24.Bh6xf4 Qc7xf4
25.g3 Qf4h6
26.Bh5e2 cxd4
27.cxd4 Be7c5
28.Qd1b3 Bc5xd4
29.Ra1c1 Bb7d5
30.Qb3d1 Qh6g7
31.Qd1d2 Bd5a8
32.Qd2c2 Bd4xb2
33.Rc1b1 Bb2xa3
34.Rf1d1 Rd8xd1
35.Be2xd1 Ba3f8
36.Qc2c8 Ba8b7
37.Qc8b8 Qg7d4
38.Bd1b3 Qd4d7
39.Rb1d1 Qd7c8
40.Qb8e5 Bb7c6
41.Bb3e6 Qc8e8
42.Be6xf7 Kxf7
43.Qe5c7 Bf8e7
44.Rd1c1 Bc6d5
45.Rc1c5 Bd5c4
46.Rc5e5 Qe8d8
47.Qc7a7 Qd8d1
48.Kg2 Qd1f1
{ resign }
0-1

[Event "Tourn. n8670"]
[Site "www.chess-mail.com"]
[Date "2016.06.04"]
[Round "1"]
[White "Cardiff"]
[Black "Falcoale"]
[WhiteElo "1600"]
[BlackElo "1770"]
[Result "1-0"]
[Round "1"]
1.e4 c5
2.Ng1f3 Nb8c6
3.Bf1b5 a6
4.Bb5xc6 bxc6
5.d3 Bc8b7
6.O-O e6
7.Nb1c3 d5
8.Rf1e1 Ng8f6
9.Bc1g5 Bf8e7
10.h3 h6
11.Bg5xf6 Be7xf6
12.Qd1d2 O-O
13.e5 Bf6e7
14.Nc3e2 Qd8b6
15.b3 f6
16.Ne2f4 Bb7c8
17.Nf4g6 Rf8f7
18.Ng6xe7 Rf7xe7
19.exf6 gxf6
20.d4 Ra8a7
21.c3 Re7g7
22.Kh1 cxd4
23.cxd4 Ra7e7
24.Ra1c1 Bc8b7
25.Qd2c3 Qb6c7
26.b4 Qc7d7
27.a3 Kf8
28.Re1e2 Qd7e8
29.Rc1e1 Qe8f7
30.Qc3c5 Kg8
31.Re1g1  { time }
1-0

[Event "Tourn. n8749"]
[Site "www.chess-mail.com"]
[Date "2016.06.04"]
[Round "1"]
[White "Piekki"]
[Black "Mrfunk"]
[WhiteElo "2270"]
[BlackElo "2510"]
[Result "0-1"]
[Round "1"]
1.e4 c5
2.Ng1f3 d6
3.d4 cxd4
4.Nf3xd4 Ng8f6
5.Nb1c3 a6
6.Bf1e2 e5
7.Nd4b3 Bf8e7
8.Bc1e3 Bc8e6
9.O-O O-O
10.a4 Nb8c6
11.Nc3d5 Nf6xe4
{ resign }
0-1

[Event "Tourn. n8642"]
[Site "www.chess-mail.com"]
[Date "2016.06.04"]
[Round "1"]
[White "Wwgia"]
[Black "Amaya"]
[WhiteElo "2160"]
[BlackElo "2030"]
[Result "1-0"]
[Round "1"]
1.d4 Ng8f6
2.c4 g6
3.Nb1c3 Bf8g7
4.e4 d6
5.Ng1f3 O-O
6.Bf1e2 b6
7.O-O Nb8d7
8.Rf1e1 e5
9.Be2f1 exd4
10.Nf3xd4 Nd7e5
11.h3 Bc8d7
12.f4 Ne5c6
13.Nd4f3 Qd8c8
14.Bc1e3 Nf6h5
15.Kh2 Bg7h6
16.Qd1d2 Nc6d8
17.Nc3d5 Rf8e8
18.g4 c6
19.gxh5 cxd5
20.cxd5 Nd8b7
21.Qd2d3 Bh6g7
22.Ra1c1 Qc8d8
23.hxg6 hxg6
24.b4 Qd8f6
25.Rc1c7 Ra8c8
26.Rc7xd7 Re8e7
27.Rd7xe7 Qf6xe7
28.Be3d4 Bg7h6
29.Bd4e3 Bh6g7
30.Nf3d4 Nb7d8
31.b5 Nd8b7
32.Nd4c6 Qe7h4
33.Re1e2 Nb7c5
34.Qd3c2 Rc8e8
35.Bf1g2 Nc5d7
36.Qc2d2 Nd7f6
37.Kg1 Nf6h5
38.Qd2e1 Nh5g3
39.Re2c2 Re8xe4
40.Bg2xe4 Qh4xh3
41.Be4g2 Qh3g4
42.Be3f2 Ng3h5
43.Qe1e8 Kh7
44.Nc6e7 Nh5f6
45.Qe8c8 Qg4d1
46.Bg2f1 Qd1f3
47.Qc8c3 Qf3xf4
48.Qc3h3 Nf6h5
49.Rc2e2 Bg7f6
50.Bf1g2 Kg7
51.Ne7c6 Qf4c4
52.Qh3e3 Nh5f4
53.Re2d2 Bf6c3
54.Qe3xc3 { resign }
1-0

[Event "Tourn. n8789"]
[Site "www.chess-mail.com"]
[Date "2016.06.04"]
[Round "1"]
[White "Coventry"]
[Black "Estonia"]
[WhiteElo "2020"]
[BlackElo "1950"]
[Result "0-1"]
[Round "1"]
1.Ng1f3 Ng8f6
2.g3 g6
3.b3 Bf8g7
4.Bc1b2 O-O
5.Bf1g2 d5
6.d3 c5
7.O-O Nb8c6
8.Nf3e5 { time. }
0-1

[Event "Tourn. n8631"]
[Site "www.chess-mail.com"]
[Date "2016.06.04"]
[Round "1"]
[White "Szustan"]
[Black "Starwind"]
[WhiteElo "2670"]
[BlackElo "2470"]
[Result "0-1"]
[Round "1"]
1.e4 e6
2.d4 d5
3.Nb1c3 Ng8f6
4.Bc1g5 dxe4
5.Nc3xe4 Bf8e7
6.Bg5xf6 gxf6
7.Ng1f3 f5
8.Ne4g3 c5
9.Bf1b5 Bc8d7
10.Bb5xd7 Qd8xd7
11.d5 exd5
12.O-O f4
13.Ng3h5 Nb8c6
14.Rf1e1 O-O-O
15.Nf3e5 Nc6xe5
16.Re1xe5 d4
17.Re5xe7 Qd7xe7
18.Nh5xf4 h5
19.b3 h4
20.Qd1f3 Qe7f6
21.Ra1e1 Rh8e8
22.Qf3g4 Kb8
23.Re1xe8 Rd8xe8
24.h3 Re8e1
25.Kh2 Qf6e5
26.Qg4xh4 a6
27.g3 Qe5e4
28.Nf4g2 Qe4xh4
29.gxh4 Re1e2
30.Kg3 Re2xc2
31.h5 Rc2e2
32.Ng2f4 Re2e8
33.Nf4d3 b6
{ resign }
0-1

[Event "Tourn. n8774"]
[Site "www.chess-mail.com"]
[Date "2016.06.04"]
[Round "1"]
[White "Odin"]
[Black "Jhzes"]
[WhiteElo "1930"]
[BlackElo "1809"]
[Result "1-0"]
[Round "1"]
1.e4 e6
2.Ng1f3 c5
3.c3 Nb8c6
4.Bf1b5 Qd8c7
5.O-O Bf8d6
6.d4 f6
7.d5 exd5
8.Qd1xd5 Ng8e7
9.Qd5h5 Ne7g6
10.Bb5d3 Nc6e5
11.Bd3c2 Ne5xf3
12.Qh5xf3 Bd6xh2
13.Kh1 Bh2e5
14.Nb1a3 a6
15.Na3c4 b5
16.Nc4xe5 Ng6xe5
17.Qf3g3 g5
18.Qg3h3 d5
19.Qh3h5 Ne5f7
20.exd5 Bc8b7
21.Bc1xg5 fxg5
22.Rf1e1 Kd8
23.Qh5f3 Nf7e5
24.Qf3f6 Qc7e7
25.Qf6xh8 Kd7
26.Qh8xe5 Qe7xe5
27.Re1xe5 h6
28.Ra1e1 Kd6
29.Re5e6 { resign }
1-0

[Event "Tourn. n8732"]
[Site "www.chess-mail.com"]
[Date "2016.06.04"]
[Round "1"]
[White "Umzi"]
[Black "Mars91"]
[WhiteElo "2210"]
[BlackElo "2020"]
[Result "0-1"]
[Round "1"]
1.e4 g6
2.d4 Bf8g7
3.Ng1f3 c6
4.Nb1c3 d5
5.e5 Bc8g4
6.h3 Bg4xf3
7.Qd1xf3 e6
8.g4 h5
9.g5 Ng8e7
10.h4 Nb8d7
11.Bf1d3 O-O
12.Nc3e2 c5
13.c3 cxd4
14.cxd4 Qd8b6
15.b3 Ne7c6
16.Bc1e3 Nc6b4
17.Kd2 Nb4xd3
18.Kxd3 Rf8c8
19.Ra1c1 Qb6b5
20.Kd2 Bg7f8
21.Ke1 Bf8b4
22.Kf1 Rc8xc1
23.Be3xc1 Ra8c8
24.Kg2 Rc8c2
25.Ne2f4 Nd7f8
26.Nf4xh5 gxh5
27.Qf3xh5 Qb5e2
28.Qh5xe2 Rc2xe2
29.h5 Re2xa2
30.Bc1e3 Bb4d2
31.Be3xd2 Ra2xd2
{ resign }
0-1

[Event "Tourn. n8730"]
[Site "www.chess-mail.com"]
[Date "2016.06.04"]
[Round "1"]
[White "Coventry"]
[Black "Malbertan"]
[WhiteElo "1950"]
[BlackElo "2040"]
[Result "1/2-1/2"]
[Round "1"]
1.d4 e5
2.dxe5 Nb8c6
3.Ng1f3 Qd8e7
4.g3 Nc6xe5
5.Nf3xe5 Qe7xe5
6.Bf1g2 c6
7.O-O d5
8.c3 Ng8f6
9.Bc1f4 Qe5f5
10.Bf4e3 Bf8d6
11.Be3d4 O-O
12.Bd4xf6 Qf5xf6
13.Nb1d2 Bc8f5
14.Nd2f3 Qf6e6
15.Nf3d4 Qe6g6
16.Nd4xf5 Qg6xf5
17.e3 h5
18.Qd1d2 h4
19.e4 Qf5h5
20.exd5 hxg3
21.hxg3 Ra8d8
22.c4 cxd5
23.Bg2xd5 b5
24.b3 Bd6e5
25.Qd2d1 Qh5h3
26.Ra1b1 Be5xg3
27.fxg3 Qh3xg3
28.Kh1 Qg3h3
29.Kg1 Qh3g3
{ time. }{ draw }
1/2-1/2

[Event "Tourn. n8785"]
[Site "www.chess-mail.com"]
[Date "2016.06.04"]
[Round "1"]
[White "Panham"]
[Black "Coventry"]
[WhiteElo "2200"]
[BlackElo "2020"]
[Result "1-0"]
[Round "1"]
1.d4 Ng8f6
2.c4 g6
3.Nb1c3 Bf8g7
4.e4 d6
5.h3 c6
6.Bc1g5 Qd8c7
7.Qd1d2 e5
8.d5 O-O
{ time. }
1-0

[Event "Tourn. n8717"]
[Site "www.chess-mail.com"]
[Date "2016.06.04"]
[Round "1"]
[White "Falcoale"]
[Black "Blackpool"]
[WhiteElo "1740"]
[BlackElo "1740"]
[Result "0-1"]
[Round "1"]
1.e4 c6
2.Ng1f3 d5
3.exd5 cxd5
4.d3 Ng8f6
5.Bf1e2 Bc8g4
6.h3 Bg4xf3
7.Be2xf3 Nb8c6
8.O-O e6
9.Nb1c3 Bf8e7
10.Rf1e1 O-O
11.Nc3e2 Qd8d7
12.Ne2c3 Nc6d4
13.Bc1e3 Nd4xf3
14.gxf3 d4
15.Nc3e4 dxe3
16.fxe3 Nf6d5
17.Re1e2 Be7f6
18.Ne4xf6 Nd5xf6
19.Re2g2 Kh8
 { time }
0-1

[Event "Tourn. n8802"]
[Site "www.chess-mail.com"]
[Date "2016.06.04"]
[Round "1"]
[White "Daquata"]
[Black "Nulladies"]
[WhiteElo "1690"]
[BlackElo "1499"]
[Result "1-0"]
[Round "1"]
1.e4 c5
2.Ng1f3 g6
3.d4 cxd4
4.Qd1xd4 Ng8f6
5.e5 Nb8c6
6.Qd4c3 Nf6d5
7.Qc3d3 e6
8.Nb1c3 Nd5b4
9.Qd3d1 Bf8g7
10.Bc1f4 Qd8c7
11.a3 Nb4d5
12.Nc3xd5 exd5
13.Qd1xd5 Nc6e7
14.Qd5b3 Qc7a5
15.c3 Qa5d5
16.Qb3xd5 Ne7xd5
17.Bf4g3 O-O
18.O-O-O Nd5e7
19.Bf1b5 Ne7c6
20.Rh1e1 a6
21.Bb5c4 b5
22.Bc4d5 Bc8b7
23.Nf3d4 Ra8c8
24.h4 Rf8e8
25.h5 Rc8b8
26.hxg6 hxg6
27.e6 Nc6xd4
28.exf7 Kf8
29.Re1xe8 { resign }
1-0

[Event "Match"]
[Site "www.echecsemail.com"]
[Date "2016.06.04"]
[Round "1"]
[White "Coventry"]
[Black "Fkarpov"]
[WhiteElo "2000"]
[BlackElo "2090"]
[Result "0-1"]
[Round "1"]
1.d4 Ng8f6
2.c4 e6
3.Nb1c3 Bf8b4
4.e3 c5
5.dxc5 Nf6e4
6.Bc1d2 Ne4xc5
7.Ng1f3 Nb8c6
8.a3 Bb4xc3
9.Bd2xc3 O-O
10.Bf1e2 Nc5e4
11.Qd1c2 d5
12.cxd5 exd5
13.O-O { time. }
0-1

[Event "Match"]
[Site "www.echecsemail.com"]
[Date "2016.06.04"]
[Round "1"]
[White "Gambitmiau"]
[Black "Jhzes"]
[WhiteElo "1820"]
[BlackElo "1809"]
[Result "1-0"]
[Round "1"]
1.e4 e5
2.d4 exd4
3.c3 Qd8h4
4.Qd1f3 dxc3
5.Bf1c4 Qh4f6
6.Nb1xc3 Qf6xf3
7.Ng1xf3 Ng8e7
8.Nf3g5 f6
9.Bc4f7 Kd8
10.Ng5f3 Nb8c6
11.O-O d6
12.a3 a6
13.Bc1e3 g5
14.Nf3d4 Nc6xd4
15.Be3xd4 Bf8g7
16.Ra1d1 Ne7c6
17.Bd4c5 Ke7
18.Bc5xd6 cxd6
19.Bf7d5 Nc6e5
20.Bd5a2 b5
21.Nc3d5 Kf8
22.f4 gxf4
23.Nd5xf4 Ke7
24.Nf4d5 Kd8
25.Nd5b6 Ra8b8
26.Rd1xd6 Kc7
27.Nb6xc8 Rb8xc8
28.Rd6xa6 Ne5d3
29.Ra6a7 Kb8
30.Ra7xg7 Rc8c6
31.Ba2d5 Rc6c5
32.h3 Nd3xb2
33.Rf1xf6 Rc5c3
34.Rg7b7 Kc8
35.Rb7xb5 Rc3c1
36.Kh2 Nb2d3
37.Rf6c6 Rc1xc6
38.Bd5xc6 Rh8f8
39.e5 Rf8f5
40.Bc6b7 Kc7
41.Bb7e4 Rf5xe5
42.Be4xd3 { resign }
1-0

[Event "Match"]
[Site "www.echecsemail.com"]
[Date "2016.06.04"]
[Round "1"]
[White "Jhzes"]
[Black "Vitoriccardo"]
[WhiteElo "1930"]
[BlackElo "1950"]
[Result "0-1"]
[Round "1"]
1.d4 Ng8f6
2.Bc1f4 e6
3.Nb1c3 d5
4.Nc3b5 Bf8d6
5.Nb5xd6 cxd6
6.f3 Nb8c6
7.e3 e5
8.dxe5 dxe5
9.Bf4g5 Bc8e6
10.Bf1b5 Qd8a5
11.c3 Qa5xb5
12.b4 Nf6d7
13.a4 Qb5c4
14.Ng1e2 O-O
15.b5 Nc6a5
16.Bg5e7 Rf8e8
17.Be7b4 b6
18.O-O Na5b3
19.Ra1b1 Nb3c5
20.g4 Nc5d3
21.Bb4d6 e4
22.Ne2f4 Nd3xf4
23.exf4 exf3
24.Qd1xf3 Nd7f6
25.f5 Be6d7
26.Rb1b4 Qc4a2
27.Rf1f2 Qa2a1
28.Kg2 Re8e1
29.Kh3 Nf6e4
30.Rf2e2 Re1xe2
31.Qf3xe2 Qa1xc3
32.Kg2 Ne4xd6
33.Rb4f4 Ra8e8
{ resign }
0-1

[Event "Match"]
[Site "www.echecsemail.com"]
[Date "2016.06.04"]
[Round "1"]
[White "Paco"]
[Black "Coventry"]
[WhiteElo "1840"]
[BlackElo "1860"]
[Result "1-0"]
[Round "1"]
1.e4 g6
2.d4 Bf8g7
3.Ng1f3 d5
4.e5 Bc8g4
5.Qd1d3 c6
6.Bf1e2 Bg4xf3
7.Qd3xf3 e6
8.O-O Ng8e7
9.Qf3h3 O-O
10.Nb1d2 Nb8d7
11.Nd2f3 h5
12.g4 hxg4
13.Qh3xg4 Ne7f5
14.Qg4h3 Rf8e8
15.Nf3g5 Nf5xd4
16.Be2d3 Nd7xe5
17.b3 Ne5xd3
18.cxd3 Nd4e2
19.Kh1 Ne2xc1
20.f4 Nc1e2
21.Rf1f2 Ne2d4
22.Ra1g1 Qd8c7
23.Rg1g4 Nd4f5
24.Qh3h7 Kf8
25.h4 c5
26.h5 gxh5
27.Qh7xh5 Nf5h6
28.Ng5h7 { resign }
1-0

[Event "Match"]
[Site "www.echecsemail.com"]
[Date "2016.06.04"]
[Round "1"]
[White "Pellix84"]
[Black "Coventry"]
[WhiteElo "2010"]
[BlackElo "1860"]
[Result "1-0"]
[Round "1"]
1.d4 Ng8f6
2.Ng1f3 g6
3.g3 Bf8g7
4.c4 d6
5.Bc1f4 O-O
6.Bf1g2 Nb8d7
7.Qd1d2 c5
8.O-O cxd4
9.Bf4h6 e5
10.Bh6xg7 Kxg7
11.Qd2b4 Qd8b6
12.Qb4a3 Qb6c5
13.Qa3b3 Qc5b6
14.Qb3c2 Rf8e8
15.Rf1d1 Nd7c5
16.Nb1a3 a6
17.b3 Bc8f5
18.Qc2c1 Bf5e4
19.Na3c2 Be4xc2
20.Qc1xc2 Ra8d8
21.h4 a5
22.Ra1b1 Qb6c7
23.Nf3h2 b6
24.Rb1b2 Nc5e6
25.Qc2d2 Ne6c5
26.f4 Nf6e4
27.Bg2xe4 Nc5xe4
28.Qd2d3 f5
29.Nh2f3 Ne4c5
30.Qd3d2 Nc5e4
31.Qd2e1 Ne4c3
32.Rd1d3 Qc7c5
33.e3 b5
34.fxe5 dxe5
35.Rd3xc3 dxc3
36.Qe1xc3 Kg8
37.Kf2 b4
38.Qc3c2 e4
{ time. }
1-0

[Event "Match"]
[Site "www.echecsemail.com"]
[Date "2016.06.04"]
[Round "1"]
[White "Caspito"]
[Black "Pwain"]
[WhiteElo "1790"]
[BlackElo "1499"]
[Result "0-1"]
[Round "1"]
1.e4 e5
2.Ng1f3 Nb8c6
3.Bf1c4 Ng8f6
4.Nf3g5 d5
5.exd5 Nc6a5
6.d3 h6
7.Ng5xf7 Kxf7
8.O-O Na5xc4
9.dxc4 Bf8c5
10.Qd1f3 Rh8e8
11.c3 a5
12.Bc1e3 Bc8g4
13.Qf3g3 Bc5xe3
14.fxe3 Bg4e2
15.Rf1f2 Be2xc4
16.e4 c6
17.b3 Bc4a6
18.c4 cxd5
19.Nb1d2 dxc4
20.bxc4 a4
21.Qg3a3 Qd8d4
22.Qa3xa4 Qd4xa1
23.Rf2f1 Qa1c3
24.Qa4d7 Kg8
25.Qd7d6 Ra8d8
{ resign }
0-1

[Event "Match"]
[Site "www.echecsemail.com"]
[Date "2016.06.04"]
[Round "1"]
[White "Jhzes"]
[Black "Mrynmryn"]
[WhiteElo "1809"]
[BlackElo "1990"]
[Result "0-1"]
[Round "1"]
1.Nb1c3 e5
2.Ng1f3 Nb8c6
3.e3 d5
4.d3 Bc8g4
5.h3 Bg4h5
6.g4 Bh5g6
7.Bf1g2 f6
8.Nf3h4 Bg6f7
9.d4 Qd8d7
10.dxe5 Nc6xe5
11.Nc3xd5 O-O-O
12.e4 Bf8b4
13.c3 Bb4c5
14.f4 Ne5c4
15.b3 Nc4b6
16.Nd5xb6 Bc5xb6
17.Qd1xd7 Rd8xd7
18.Bc1a3 Ng8e7
19.Ba3xe7 Rd7xe7
20.Nh4f5 Re7d7
21.Nf5xg7 Rh8d8
22.Ng7f5 Rd7d2
23.Rh1h2 Rd2c2
24.Nf5e7 Kb8
25.Ne7d5 Bf7xd5
26.exd5 Rd8e8
27.Kd1 Re8e2
28.Bg2e4 Rc2d2
29.Kc1 Re2xh2
30.g5 fxg5
31.f5 Rd2e2
32.Be4f3 Re2e1
{ resign }
0-1

[Event "Match"]
[Site "www.echecsemail.com"]
[Date "2016.06.04"]
[Round "1"]
[White "Jhzes"]
[Black "Bojan"]
[WhiteElo "1920"]
[BlackElo "1930"]
[Result "0-1"]
[Round "1"]
1.f4 c5
2.e4 Nb8c6
3.c3 a6
4.Ng1f3 d5
5.e5 Bc8f5
6.d3 e6
7.h3 h6
8.g4 Bf5g6
9.Bc1e3 b6
10.Nb1d2 Bf8e7
11.d4 c4
12.a3 b5
13.b4 f6
14.Bf1g2 f5
15.gxf5 Bg6xf5
16.Qd1e2 Bf5g6
17.h4 Bg6h5
18.Qe2f2 a5
19.Ra1b1 axb4
20.axb4 Ra8a2
21.Bg2h3 Kd7
22.Qf2g3 Be7f8
23.f5 Bh5f7
24.fxe6 Bf7xe6
25.Bh3xe6 Kxe6
26.Qg3g6 Kd7
27.e6 Kc8
28.Be3f4 Nc6e7
29.Qg6f7 Ng8f6
30.Nf3e5 Rh8h7
31.Ne5g6 Ne7xg6
32.Qf7xg6 Rh7h8
33.Nd2f3 Qd8e7
34.Qg6f5 Nf6e4
35.Nf3e5 Ra2a6
36.Ne5g6 Qe7e8
37.e7 Kb7
38.exf8Q Rh8xf8
39.Qf5xd5 Ra6c6
40.Qd5xb5 Rc6b6
41.Qb5d5 Rb6c6
42.Ng6xf8 Ne4xc3
43.Qd5e5 Qe8xe5
44.Bf4xe5 Nc3xb1
45.Be5xg7 Kc7
46.Ke2 Nb1c3
47.Kf1 Nc3d5
48.b5 Rc6b6
49.Rh1h2 c3
50.Rh2f2 Nd5e3
51.Ke2 c2
52.Rf2f7 Kc8
53.Kd2 Rb6xb5
54.Bg7xh6 Rb5b1
55.Bh6xe3 c1Q
56.Kd3 Rb1b3
{ resign }
0-1

[Event "1/8 Finale"]
[Site "www.chess-mail.com"]
[Date "2016.06.04"]
[Round "1"]
[White "Nimzo"]
[Black "Seger"]
[WhiteElo "2850"]
[BlackElo "2730"]
[Result "0-1"]
[Round "1"]
1.d4 e6
2.e4 d5
3.Nb1c3 Ng8f6
4.e5 Nf6d7
5.f4 c5
6.Ng1f3 Nb8c6
7.Bc1e3 cxd4
8.Nf3xd4 Bf8c5
9.Qd1d2 O-O
10.O-O-O Nc6xd4
11.Be3xd4 a6
12.Qd2e3 Qd8c7
13.Bf1d3 Bc5xd4
14.Qe3xd4 b5
15.Rh1e1 Qc7c5
16.Nc3e2 Rf8e8
17.Kb1 b4
18.Rd1c1 Ra8b8
19.c3 b3
20.a3 Qc5a5
21.Qd4e3 Nd7c5
22.Ne2d4 Bc8d7
23.g4 Qa5b6
24.Qe3h3 { time. }
0-1

[Event "Eq:SIETE ESTRELLAS VERDES-Slap Shot Mates : "]
[Site "www.chess-mail.com"]
[Date "2016.06.04"]
[Round "1"]
[White "Leswamp"]
[Black "Paco"]
[WhiteElo "2320"]
[BlackElo "1850"]
[Result "1-0"]
[Round "1"]
1.d4 d5
2.c4 dxc4
3.e4 Ng8f6
4.e5 Nf6e4
5.f3 Ne4f2
6.Kxf2 b5
7.a4 Bc8a6
8.axb5 Ba6xb5
9.Nb1a3 Qd8d5
10.Na3xb5 Qd5xb5
11.Qd1a4 Qb5xa4
12.Ra1xa4 e6
13.Bf1xc4 Nb8c6
14.Bc4b5 Kd7
15.Ra4c4 Ra8b8
16.Bb5xc6 Kd8
17.Ng1e2 h5
18.Rh1d1 g6
19.d5 Ke7
20.d6 Kd8
21.dxc7 Kxc7
22.Rd1d7 Kb6
23.Bc1e3 Ka6
24.Rc4a4 
1-0